000 nam a22 7a 4500
999 _c23591
_d23591
008 170126b xxu||||| |||| 00| 0 eng d
050 _aND813 .D3A353 1964
100 _aDali, Salvador
245 _aDiary of a genius/
_cSalvador Dali, Michel Deon and Richard Howard.
260 _aNew York (Garden City) :
_bDoubleday & Company,
_c1964.
300 _aix, 230p. :
_bill. ;
500 _aIncludes index.
650 _aDali salvador
_x1904-1989.
700 _aDeon, Michel
700 _aHoward, Richard
942 _2lcc
_cBOOKS
_hND813 .D3A353 1964